| 000 | 00390nam a2200169Ia 4500 | ||
|---|---|---|---|
| 008 | 240702s2024 xx 000 0 und d | ||
| 041 | _aeng | ||
| 082 | _a615.1 /MUN | ||
| 100 | _aM.Muiappan | ||
| 245 | _aTextbook of Modern Pharamcology | ||
| 250 | _aRe2024 | ||
| 260 |
_bCBS Publishing _c2024 |
||
| 300 | _a514 | ||
| 365 | _cBV | ||
| 650 | _aPharmacology | ||
| 906 | _aDIPLOMA | ||
| 999 |
_c1169643 _d1169643 |
||